| 000 | 00522nam a22002057a 4500 | ||
|---|---|---|---|
| 003 | OSt | ||
| 005 | 20140310182837.0 | ||
| 008 | 130607t xxu||||| |||| 00| 0 eng d | ||
| 020 | _a9781407543796 | ||
| 050 |
_aTX 771 _b.C974 2006 |
||
| 082 |
_aM 641.815 _bC974 2006 |
||
| 245 | _aCupcakes, muffins & baked goods / | ||
| 260 |
_aUK : _bParragon, _c2006 |
||
| 300 |
_a240 p. : _bcol. ; _c27 cm. |
||
| 521 | _acollege students | ||
| 526 | _c1210L-1700L | ||
| 541 | _j1 | ||
| 562 | _e1 | ||
| 942 |
_2lcc _cBK _kM |
||
| 999 |
_c16779 _d16779 |
||